| 000 | 00754cam a2200229u 4500 | ||
|---|---|---|---|
| 001 | 5066 | ||
| 003 | BD-RjUL | ||
| 005 | 20211208234013.0 | ||
| 008 | 131224s1963 enk 000 0 eng | ||
| 035 | _a(BD-RjUL)5102 | ||
| 040 |
_aDLC _cCarP _dDLC _dBD-RjUL _beng |
||
| 041 | _aeng | ||
| 082 |
_a364.601 _bHAB 1963 |
||
| 110 | 2 |
_aUniversity of Cambridge. _bInstitute of Criminology. _9133594 |
|
| 245 | 1 | 4 |
_aThe habitual prisoner : _ban enquiry by the Cambridge Institute of Criminology / _cedited by D.J. West. |
| 260 |
_aLondon ; _aNew York : _bMacmillan, _bSt Martin's Press, _cc1963. |
||
| 300 |
_ax, 125 p. ; _c23 cm. |
||
| 650 | 0 |
_aRecidivists. _915953 |
|
| 700 | 1 |
_aWest, D. J. _q(Donald James), _d1924- _915955 |
|
| 942 |
_2ddc _cBK |
||
| 999 |
_c5066 _d5066 |
||